000
00276nam a2200097Ia 4500
001
1209815
005
20250827024406.0
008
250824s9999 xx 000 0 und d
245
0
_a
BAHAR VE KELEBEKLER
_c
ÖMER SEYFETTİN
260
_b
ALTIN KİTAPLAR YAYINLARI
999
_c
1209815
_d
1209815